Composition operators on spaces of analytic functions

Αποθηκεύτηκε σε:
Λεπτομέρειες βιβλιογραφικής εγγραφής
Κύριος συγγραφέας: Cowen, Carl C.
Άλλοι συγγραφείς: MacCluer, Barbara D.
Μορφή: Βιβλίο
Γλώσσα:English
Δημοσίευση: Boca Raton : CRC Press, c1995
Σειρά:Studies in advanced mathematics
Θέματα:
Ετικέτες: Προσθήκη ετικέτας
Δεν υπάρχουν, Καταχωρήστε ετικέτα πρώτοι!

MARC

LEADER 00000nam a2200000 i 4500
001 1/82550
008 990526s1995 eng d
020 |a 0-8493-8492-3 
035 |l 10051112 
040 |a GR-MY-UA  |b gre  |e aacr 
041 0 |a eng 
082 0 |a 515.73 
100 1 |a Cowen, Carl C. 
245 1 0 |a Composition operators on spaces of analytic functions /  |c Carl C. Cowen, Barbara D. MacCluer 
260 |a Boca Raton :   |b CRC Press,   |c c1995 
300 |a xii, 388 p.;  |b ill.;  |c 25 cm. 
490 1 |a Studies in advanced mathematics 
500 |a Includes bibliographical references and indexes 
650 0 0 |a Composition operators. 
650 0 0 |a Analytic spaces. 
700 1 |a MacCluer, Barbara D. 
830 0 |a Studies in advanced mathematics 
852 |a INST  |b SAMOS  |e 19990526  |h 515.73 COW  |p 005300014961  |q 005300014961  |t BK  |y 0 
901 |a BIBL3-1999-2 
909 |a Σ  |b 063212 
922 |a 3ΕΛΗ  |b 199904  |c ΚΠΣ  |d GLORY 
950 |a 116-1998-08-10